Something more than love : (Record no. 3305)

MARC details
000 -LEADER
fixed length control field 00828cam a2200265 a 4500
001 - CONTROL NUMBER
control field 935801
003 - CONTROL NUMBER IDENTIFIER
control field GBCCL
005 - DATE AND TIME OF LATEST TRANSACTION
control field 20241126110452.0
008 - FIXED-LENGTH DATA ELEMENTS--GENERAL INFORMATION
fixed length control field 831026s1983 coua b 000 0 eng
010 ## -
-- 83070425
020 ## - INTERNATIONAL STANDARD BOOK NUMBER
International Standard Book Number 0896361039
040 ## - CATALOGING SOURCE
Original cataloging agency DLC
Transcribing agency DLC
Modifying agency DLC
050 00 -
-- HQ734
-- .S164 1983
082 00 - DEWEY DECIMAL CLASSIFICATION NUMBER
Classification number 248.844
-- 646.78
Edition information 19
Item number SAL
100 1# - MAIN ENTRY--PERSONAL NAME
Personal name Sala, Harold J.
9 (RLIN) 6787
245 10 - TITLE STATEMENT
Title Something more than love :
Remainder of title the X-factors in a good marriage /
Statement of responsibility, etc. Harold J. Sala.
260 ## - PUBLICATION, DISTRIBUTION, ETC.
Place of publication, distribution, etc. Denver, Colo. :
Name of publisher, distributor, etc. Accent Books,
Date of publication, distribution, etc. c1983.
300 ## - PHYSICAL DESCRIPTION
Extent 159 p. :
Other physical details ill. ;
Dimensions 24 cm.
504 ## - BIBLIOGRAPHY, ETC. NOTE
Bibliography, etc. note Includes bibliographical references.
650 #0 - SUBJECT ADDED ENTRY--TOPICAL TERM
Topical term or geographic name entry element Marriage.
9 (RLIN) 2123
650 #0 - SUBJECT ADDED ENTRY--TOPICAL TERM
Topical term or geographic name entry element Marriage
General subdivision Religious aspects
-- Christianity.
9 (RLIN) 295
650 #0 - SUBJECT ADDED ENTRY--TOPICAL TERM
Topical term or geographic name entry element Families.
9 (RLIN) 6646
906 ## - LOCAL DATA ELEMENT F, LDF (RLIN)
a 7
b cbc
c orignew
d 2
e opcn
f 19
g y-gencatlg
942 ## - ADDED ENTRY ELEMENTS (KOHA)
Source of classification or shelving scheme Dewey Decimal Classification
Koha item type Books
Koha issues (borrowed), all copies 1
Holdings
Withdrawn status Lost status Source of classification or shelving scheme Damaged status Not for loan Home library Current Library Shelving location Date acquired Total checkouts Full call number Barcode Date last seen Date last checked out Copy number Price effective from Koha item type
    Dewey Decimal Classification     GRACE BIBLE COLLEGE GRACE BIBLE COLLEGE Ministry & Mission 2017-11-24 1 248.844 SAL 008988 2025-05-01 2018-11-13 c.1 2017-11-24 Books
© Grace Bible College Library 2025